Présidentielle 2017 : Emmanuel Macron, les clés de la victoire diplomová práca

Salvato in:
Dettagli Bibliografici
Autore principale: Suchomelová, Ema
Ente Autore: Fakulta aplikovaných jazykov EU v Bratislave. Katedra románskych a slovanských jazykov
Altri autori: Tureková, Andrea, 1979-
Natura: Libro
Lingua:francese
Pubblicazione: Bratislava 2018
Tags: Aggiungi Tag
Nessun Tag, puoi essere il primo ad aggiungerne!!

MARC

LEADER 00000nbm a2200000 4500
001 0244031
005 20181011145429.4
041 0 |a fre 
044 |a SK 
245 1 0 |a Présidentielle 2017 : Emmanuel Macron, les clés de la victoire  |b diplomová práca  |c Ema Suchomelová ; školiteľ: Andrea Tureková 
264 1 |a Bratislava  |c 2018 
300 |a 67 s. 
100 1 |a Suchomelová, Ema 
700 1 |a Tureková, Andrea, 1979- 
710 2 |a Fakulta aplikovaných jazykov EU v Bratislave. Katedra románskych a slovanských jazykov